000 00356cam a2200145ua 4500
003 OSt
008 250512b |||||||| |||| 00| 0 eng d
082 _a624.171
_bJUN/ME
100 _aJunnarkar, S B.
_9536
245 _aMechanics of Structures, vol -2 /
250 _a4 /
260 _a :
_bVivek Publications ,
_c1965.
300 _a592 ; .
942 _cBK
999 _c1315
_d1315